Presidents During Recessions Quiz Stats

Quiz not verified by Sporcle

Also try: Moon Walkers
Challenge
Share
Tweet
Embed
Score 0/56 Timer 10:00
0 Plays Today
Recession President(s) % Correct
Panic of 1797George Washington
95.6%
Panic of 1797John Adams
95.6%
1825-1826 RecessionJohn Quincy Adams
94.5%
1828-1829 RecessionJohn Quincy Adams
94.5%
1902-1904 RecessionTheodore Roosevelt
93.4%
Panic of 1907Theodore Roosevelt
93.4%
Great DepressionFranklin Delano Roosevelt
93.4%
Recession of 1945Franklin Delano Roosevelt
93.4%
Recession of 1969-1970Richard Nixon
92.3%
Recession of 1973-1975Richard Nixon
92.3%
Early 2000's RecessionGeorge H.W. Bush
92.3%
Great RecessionGeorge H.W. Bush
92.3%
Early 1990's RecessionGeorge W. Bush
91.2%
1815-1821 DepressionJames Monroe
90.1%
1822-1823 RecessionJames Monroe
90.1%
Depression of 1807James Madison
89%
1812 RecessionJames Madison
89%
1815-1821 DepressionJames Madison
89%
Recession of 1953Dwight D. Eisenhower
89%
Recession of 1958Dwight D. Eisenhower
89%
Recession of 1960-1961Dwight D. Eisenhower
89%
Early 1980's RecessionRonald Reagan
89%
1833-1834 RecessionAndrew Jackson
86.8%
1836-1838 RecessionAndrew Jackson
86.8%
1865-1867 RecessionAndrew Johnson
86.8%
1869-1870 RecessionUlysses S. Grant
86.8%
Panic of 1873Ulysses S. Grant
86.8%
Recession of 1913-1914Woodrow Wilson
86.8%
Recession President(s) % Correct
Post WWI RecessionWoodrow Wilson
86.8%
Depression of 1920-1921Woodrow Wilson
86.8%
Great recessionBarack Obama
86.8%
1845-1846 RecessionJames K. Polk
85.7%
1847-1848 RecessionJames K. Polk
85.7%
Panic of 1910-1911William Howard Taft
85.7%
1839-1843 RecessionWilliam Henry Harrison
83.5%
1887-1888 RecessionGrover Cleveland
83.5%
1890-1891 RecessionBenjamin Harrison
83.5%
Panic of 1896Grover Cleveland
83.5%
Panic of 1893Grover Cleveland
83.5%
1923-1924 RecessionCalvin Coolidge
83.5%
1926-1927 RecessionCalvin Coolidge
83.5%
Recession of 1949Harry Truman
83.5%
Recession of 1960-1961John F. Kennedy
81.3%
Recession of 1973-1975Gerald Ford
81.3%
1836-1838 RecessionMartin Van Buren
80.2%
1839-1843 RecessionMartin Van Buren
80.2%
1899-1900 RecessionWilliam McKinley
80.2%
1839-1843 RecessionJohn Tyler
76.9%
Panic of 1857James Buchanan
76.9%
1860-1861 RecessionJames Buchanan
76.9%
1853-1854 RecessionFranklin Pierce
74.7%
1882-1885 RecessionChester A. Arthur
73.6%
Panic of 1873Rutherford B. Hayes
69.2%
1802-1804 RecessionThomas Jefferson
51.6%
Depression of 1807Thomas Jefferson
51.6%
Great DepressionHerber Hoover
47.3%

You're not logged in!

Compare scores with friends on all Sporcle quizzes.
Join for Free
OR
Log In

You Might Also Like...

Show Comments

Extras

Created Apr 5, 2011ReportNominate
Tags:US Presidents Quiz

Top Quizzes Today


Score Distribution

Your Account Isn't Verified!

In order to create a playlist on Sporcle, you need to verify the email address you used during registration. Go to your Sporcle Settings to finish the process.

Report this User

Report this user for behavior that violates our Community Guidelines.

Details: